| 000 | 00965nas a2200265 4500 | ||
|---|---|---|---|
| 001 | BR8201322 | ||
| 003 | BR-BrBNA | ||
| 005 | 20231205085055.0 | ||
| 007 | ta | ||
| 008 | 230509b bl.|||p| |||| 00| 00por d | ||
| 040 |
_aBR-BrBNA _bpor _cBiblioteca Nacional de Agricultura |
||
| 041 | _a(En) | ||
| 072 | _aL10 | ||
| 100 | 1 | _aFigueiredo, E.A.P. | |
| 100 | 1 | _aPant, K.P. | |
| 245 | 1 | _aEvaluation of goat breeds in the tropical north-east Brazil, 2: an analysis of age at death of kids [Caprino; Capra hircus; Raca; Cabrito] | |
| 246 | 1 | _aEvaluation of goat breeds in the tropical Northeast Brazil, 2: an analysis of age at death of kids [Caprine; Capra hircus] | |
| 650 | _aMelhoramento genetico animal | ||
| 650 | _aCaprino | ||
| 650 | _aRaca | ||
| 650 | _aCabrito | ||
| 773 | 0 |
_tPesquisa Agropecuaria Brasileira (Brazil) _xISSN 0100-204X _g(May 1982), v. 17(5) p. 803-808 _wBR8201322 |
|
| 909 |
_a202311 _bLúcia _c55 _dLúcia Elande |
||
| 942 |
_2AGRIS _n0 _cANA |
||
| 999 |
_c109041 _d109041 |
||